Morse Code on Companies - Statistics

General Stats
  • This quiz has been taken 36 times
  • The average score is 10 of 10
Answer Stats
Morse Code Answer % Correct
.- .--. .--. .-.. . Apple
100%
-.-. --- -.-. .- / -.-. --- .-.. .- Coca Cola
100%
-- .. -.-. .-. --- ... --- ..-. - Microsoft
100%
-. .. -.- . Nike
100%
... .- -- ... ..- -. --. Samsung
100%
. -... .- -.-- Ebay
96%
--. --- --- --. .-.. . Google
96%
--. ..- -.-. -.-. .. Gucci
96%
... --- -. -.-- Sony
96%
-. .. -. - . -. -.. --- Nintendo
93%
No matching quizzes found
Score Distribution
Percent of People with Each Score
Percentile by Number Answered
Your Score History
You have not taken this quiz